000 02046pam a2200349 i 4500
001 B-265082-087
005 19800908000000.0
008 791105s1980 nyua j 000 1 eng
010 _aB-265082-087
020 _a0448436981
035 _aB-265082-087
040 _aDPL
082 _aS
100 _aDixon, Franklin W.
245 _aThe Pentagon spy /
_cFranklin W. Dixon
260 _aNew York :
_bGrosset & Dunlap
_c2005
300 _a182 p. :
_bill. ;
_c20 cm (Hb)
490 _aThe Hardy boys mystery stories ; 61
520 _aValuable antique weathervanes are being stolen in the Pennsylvania Dutch country. A Navy employee removes a top secret document from the Pentagon. The Hardy brothers try to solve these two seemingly unrelated mysteries.
650 _aMystery and detective stories.
700 _aMorrill, Leslie H.
942 _2ddc
_cCH
_hS
_mDIX
999 _c14608
_d14608